| 000 | 00745nam a2200205Ia 4500 | ||
|---|---|---|---|
| 003 | 0 | ||
| 005 | 20250129122853.0 | ||
| 008 | 150126s9999 xx 000 0 und d | ||
| 050 |
_aPGS LB 2326.P96 _b.J61 2014 |
||
| 100 | _aJimenez, Neil. | ||
| 245 |
_aUniversity preference and study habits of the grade 11 students of SISC / _cNeil Jimenez. |
||
| 260 |
_aLas Piñas City, Philippines : _bSouthville International School and Colleges, _c2014. |
||
| 300 |
_a28 p. : _bill. ; _c28 cm. |
||
| 504 | _aIncludes bibliographical references. | ||
| 650 | _aCollege choice. | ||
| 650 | _aStudy habits. | ||
| 650 |
_aUniversities and colleges _vChoice of study—Psychological aspects. |
||
| 650 |
_aStudents _vStudy and teaching. |
||
| 942 |
_2lcc _cPASS |
||
| 999 |
_c278591 _d278591 |
||